000 00245nam a2200097Ia 4500
001 645954
005 20250826153633.0
008 250824s9999 xx 000 0 und d
245 0 _aKIRIMLI MURAT DESTANI
_cHASAN NAİL CANAT
260 _bGENÇ TİMAŞ
999 _c645954
_d645954